[Event "WC-2018-P-00007"]
[Site "LSS email"]
[Date "2014.02.03"]
[Round "?"]
[White "Moreira, Carlos Alberto Lima"]
[Black "Krueger, Hilmar"]
[Result "1/2-1/2"]
[WhiteElo "1668"]
[BlackElo "2155"]
[PlyCount "154"]
[EventDate "2014.02.10"]
[EventType "tourn (corr)"]
[EventRounds "12"]
[EventCountry "GER"]
[SourceTitle "Corr 2015"]
[Source "ChessBase"]
[SourceDate "2015.07.17"]
[SourceVersion "1"]
[SourceVersionDate "2015.07.17"]
[SourceQuality "1"]

1. d4 Nf6 2. c4 e6 3. Nf3 b6 4. g3 Bb7 5. Bg2 Be7 6. 0-0 0-0 7. Re1 Na6 8. Nc3 Ne4 9. Nxe4 Bxe4 10. Bf4 d6 11. Qb3 c5 12. Rad1 Rc8 13. Qe3 Bb7 14. a3 h6 15. dxc5 bxc5 16. Qd3 Qb6 17. e4 Rfd8 18. Be3 Qc7 19. b3 Nb8 20. Bd2 a5 21. Rb1 Bf6 22. Red1 Nc6 23. Bf4 Be5 24. Bd2 Ra8 25. Nxe5 dxe5 26. Qf1 Nd4 27. Bc3 Rd7 28. Rd2 Ba6 29. Rdb2 Qc6 30. Bxa5 Bxc4 31. Qxc4 Rxa5 32. b4 Rxa3 33. Qxc5 Qxc5 34. bxc5 Rc3 35. h4 Rxc5 36. Rb8+ Kh7 37. h5 g6 38. hxg6+ fxg6 39. Bf1 h5 40. Kg2 Rf7 41. R8b7 Rxb7 42. Rxb7+ Kh6 43. Rb4 Kg5 44. Rc4 Ra5 45. Rc8 Ra2 46. Bc4 Rb2 47. Bf1 Rb1 48. Rc5 Kf6 49. Rc8 Rb3 50. Rf8+ Kg7 51. Rc8 Rb2 52. Rc5 Kf6 53. Rc8 Nc2 54. Bc4 g5 55. Kg1 Rb1+ 56. Bf1 Ne1 57. Rh8 Kg6 58. Rc8 Nf3+ 59. Kg2 g4 60. Re8 Kf7 61. Rh8 Ne1+ 62. Kg1 Kg6 63. Re8 Kf6 64. Rh8 Nf3+ 65. Kg2 Re1 66. Rh6+ Kg5 67. Rxe6 Rxe4 68. Re8 Re1 69. Rg8+ Kf6 70. Rf8+ Kg7 71. Rc8 Rd1 72. Rc6 Ne1+ 73. Kg1 e4 74. Re6 Nf3+ 75. Kg2 Rc1 76. Re8 Kg6 77. Re6+ Kf5 1/2-1/2

[Event "WC-2018-P-00007"]
[Site "LSS email"]
[Date "2014.02.03"]
[Round "?"]
[White "Moreira, Carlos Alberto Lima"]
[Black "Pilipchuk, Andrey Vadimovich"]
[Result "0-1"]
[WhiteElo "1668"]
[BlackElo "2119"]
[PlyCount "86"]
[EventDate "2014.02.10"]
[EventType "tourn (corr)"]
[EventRounds "12"]
[EventCountry "GER"]
[SourceTitle "Corr 2015"]
[Source "ChessBase"]
[SourceDate "2015.07.17"]
[SourceVersion "1"]
[SourceVersionDate "2015.07.17"]
[SourceQuality "1"]

1. e4 c5 2. Nf3 Nc6 3. d4 cxd4 4. Nxd4 Nf6 5. Nc3 e5 6. Ndb5 d6 7. Bg5 a6 8. Na3 b5 9. Nd5 Be7 10. Bxf6 Bxf6 11. c4 b4 12. Nc2 a5 13. g3 0-0 14. h4 Be6 15. Bh3 a4 16. Bxe6 fxe6 17. Ndxb4 Nxb4 18. Nxb4 Qb6 19. Qd2 Be7 20. 0-0 d5 21. Nd3 dxe4 22. Nxe5 Rf5 23. Nd7 Qb7 24. Rad1 Rd8 25. Qd4 Kh8 26. Rfe1 h6 27. b3 a3 28. c5 Rd5 29. Qxe4 R8xd7 30. Rxd5 Qxd5 31. c6 Rc7 32. Qxe6 Qxe6 33. Rxe6 Kg8 34. f4 Kf7 35. f5 Bb4 36. Kf2 Re7 37. Rg6 h5 38. Kf3 Re5 39. g4 Bf8 40. c7 Rc5 41. gxh5 Rxc7 42. Re6 Rc2 43. Re2 Rb2 0-1

[Event "SC-2013-0-00211"]
[Site "LSS email"]
[Date "2014.01.20"]
[Round "?"]
[White "Moreira, Carlos Alberto Lima"]
[Black "Dogan, Ahmet"]
[Result "1-0"]
[WhiteElo "1668"]
[BlackElo "1615"]
[PlyCount "133"]
[EventDate "2013.12.24"]
[EventType "tourn (corr)"]
[EventRounds "6"]
[EventCountry "GER"]
[SourceTitle "Corr 2015"]
[Source "ChessBase"]
[SourceDate "2015.07.17"]
[SourceVersion "1"]
[SourceVersionDate "2015.07.17"]
[SourceQuality "1"]

1. e4 c5 2. Nf3 Nc6 3. Bb5 g6 4. c3 a6 5. Bxc6 dxc6 6. Qe2 Bg7 7. 0-0 Bg4 8. h3 Bxf3 9. Qxf3 Nf6 10. d3 0-0 11. Rd1 Nd7 12. Bf4 e5 13. Bg3 f5 14. exf5 gxf5 15. Nd2 Qf6 16. a4 b5 17. Qe2 Rfe8 18. Nf3 Qg6 19. Re1 e4 20. dxe4 fxe4 21. Nh4 Qg5 22. axb5 cxb5 23. Qd1 Nf6 24. Qd6 Nh5 25. Qc6 Nxg3 26. fxg3 Rac8 27. Qxa6 c4 28. Rad1 Qc5+ 29. Kh2 Ra8 30. Qb7 Ra7 31. Rd5 Rxb7 32. Rxc5 Bf8 33. Rg5+ Kh8 34. Rd5 b4 35. Rd4 bxc3 36. bxc3 e3 37. Nf5 e2 38. g4 Rb6 39. Rxc4 Rbe6 40. Kg3 Bg7 41. Kf2 Bf6 42. Rc5 Kg8 43. g3 Kf7 44. h4 Kg8 45. g5 Bg7 46. Kf3 Kh8 47. Rc4 Kg8 48. g4 Kh8 49. Ng3 Re3+ 50. Kf2 Be5 51. Kxe3 Bxg3+ 52. Kd2 Bxe1+ 53. Kxe1 Kg7 54. h5 Kg8 55. Rc7 Kh8 56. h6 Kg8 57. c4 Re4 58. Rg7+ Kh8 59. c5 Re6 60. Rc7 Kg8 61. Rc8+ Kf7 62. c6 Ke7 63. c7 Kd7 64. Rh8 Kxc7 65. Rxh7+ Kd6 66. Rf7 Re8 67. h7 1-0

[Event "RC-2013-0-00128"]
[Site "LSS email"]
[Date "2013.10.17"]
[Round "?"]
[White "Camps, Jean Pierre"]
[Black "Moreira, Carlos Alberto Lima"]
[Result "1/2-1/2"]
[WhiteElo "1743"]
[BlackElo "1702"]
[PlyCount "63"]
[EventDate "2013.07.27"]
[EventType "tourn (corr)"]
[EventRounds "6"]
[EventCountry "GER"]
[SourceTitle "Telechess CBM 167"]
[Source "ChessBase"]
[SourceDate "2015.07.13"]
[SourceVersion "1"]
[SourceVersionDate "2015.07.13"]
[SourceQuality "1"]

1. e4 e5 2. Nf3 Nc6 3. d4 exd4 4. Nxd4 Bb4+ 5. c3 Bc5 6. Be3 Bb6 7. Qg4 Qf6 8. Qg3 Qg6 9. Nd2 Nge7 10. Nb5 Qxg3 11. hxg3 Kd8 12. Nc4 Bxe3 13. Nxe3 d6 14. 0-0-0 Be6 15. Kb1 h6 16. f4 a6 17. Nd4 Nxd4 18. cxd4 f6 19. d5 Bf7 20. Be2 Bg6 21. f5 Bf7 22. Bf3 Kd7 23. Rd2 Rad8 24. b3 c6 25. dxc6+ Nxc6 26. Kb2 Ke7 27. Bh5 Bxh5 28. Nd5+ Kf7 29. Rxh5 Rhe8 30. Rh4 Re5 31. Rf4 Ne7 32. Nb6 1/2-1/2

[Event "RC-2013-0-00128"]
[Site "LSS email"]
[Date "2013.10.17"]
[Round "?"]
[White "Eichner, Dieter"]
[Black "Moreira, Carlos Alberto Lima"]
[Result "1-0"]
[WhiteElo "1764"]
[BlackElo "1702"]
[PlyCount "53"]
[EventDate "2013.07.27"]
[EventType "tourn (corr)"]
[EventRounds "6"]
[EventCountry "GER"]
[SourceTitle "Telechess CBM 167"]
[Source "ChessBase"]
[SourceDate "2015.07.13"]
[SourceVersion "1"]
[SourceVersionDate "2015.07.13"]
[SourceQuality "1"]

1. d4 Nf6 2. Bf4 c5 3. e3 e6 4. c4 Qb6 5. Nc3 Qxb2 6. Nge2 cxd4 7. Rb1 Qa3 8. exd4 Bb4 9. Bd2 0-0 10. Rxb4 Qxb4 11. Nd5 Qxc4 12. Nxf6+ gxf6 13. Nf4 Qxa2 14. Nh5 Kh8 15. Nxf6 Rg8 16. Nxg8 Kxg8 17. Bd3 f5 18. 0-0 Nc6 19. Bh6 Ne7 20. g4 Kh8 21. gxf5 exf5 22. d5 Qb2 23. Re1 Ng8 24. Bc1 Qg7+ 25. Kh1 b5 26. Rg1 Qf6 27. Qb3 1-0

[Event "RC-2013-0-00128"]
[Site "LSS email"]
[Date "2013.10.17"]
[Round "?"]
[White "Moreira, Carlos Alberto Lima"]
[Black "Richter, Klaus"]
[Result "1/2-1/2"]
[WhiteElo "1702"]
[BlackElo "1653"]
[PlyCount "130"]
[EventDate "2013.07.27"]
[EventType "tourn (corr)"]
[EventRounds "6"]
[EventCountry "GER"]
[SourceTitle "Telechess CBM 167"]
[Source "ChessBase"]
[SourceDate "2015.07.13"]
[SourceVersion "1"]
[SourceVersionDate "2015.07.13"]
[SourceQuality "1"]

1. Nf3 d5 2. g3 Nf6 3. Bg2 Bf5 4. d3 Nbd7 5. Nbd2 e6 6. 0-0 Be7 7. Qe1 0-0 8. e4 dxe4 9. dxe4 Bg6 10. Qe2 c6 11. Rd1 Qc7 12. Nc4 Bh5 13. Bd2 b5 14. Ba5 Qb8 15. Ncd2 a6 16. e5 Ng4 17. Nd4 Ndxe5 18. h3 Nf6 19. g4 Bg6 20. Re1 Bd6 21. Nxc6 Nxc6 22. Bxc6 Ra7 23. Ne4 Re7 24. Rad1 Nxe4 25. Bxe4 f5 26. gxf5 Bxf5 27. Qd3 Bc5 28. Bxf5 Rxf5 29. Qd8+ Re8 30. Qxb8 Rxb8 31. Rd2 Rbf8 32. Ree2 b4 33. Bc7 Rc8 34. Bg3 Rd5 35. Be5 Kf7 36. Kf1 g5 37. c4 bxc3 38. Bxc3 Bd6 39. Rd4 Rxd4 40. Bxd4 Bf4 41. Be5 Rc5 42. Bxf4 gxf4 43. Rd2 Kf6 44. Kg2 Kf5 45. Rd6 a5 46. Rd7 h5 47. Kf3 e5 48. Rf7+ Kg5 49. Rb7 a4 50. Ra7 Rc4 51. Re7 Kf6 52. Rb7 a3 53. bxa3 Rc3+ 54. Kg2 h4 55. Rh7 f3+ 56. Kh2 Kg5 57. Rg7+ Kf5 58. Rf7+ Kg6 59. Re7 Rc2 60. Rxe5 Rxf2+ 61. Kg1 Rxa2 62. Kf1 Rh2 63. a4 Rxh3 64. Kf2 Rh2+ 65. Kxf3 Ra2 1/2-1/2

[Event "RC-2013-0-00128"]
[Site "LSS email"]
[Date "2013.10.17"]
[Round "?"]
[White "Sorcinelli, Andrea"]
[Black "Moreira, Carlos Alberto Lima"]
[Result "1/2-1/2"]
[WhiteElo "2051"]
[BlackElo "1702"]
[PlyCount "81"]
[EventDate "2013.07.27"]
[EventType "tourn (corr)"]
[EventRounds "6"]
[EventCountry "GER"]
[SourceTitle "Telechess CBM 167"]
[Source "ChessBase"]
[SourceDate "2015.07.13"]
[SourceVersion "1"]
[SourceVersionDate "2015.07.13"]
[SourceQuality "1"]

1. e4 e5 2. Nf3 Nc6 3. Bb5 Nf6 4. d3 Bc5 5. Bxc6 dxc6 6. b3 Bg4 7. Bb2 Nd7 8. Nbd2 f6 9. Nf1 Nf8 10. h3 Bxf3 11. Qxf3 Ne6 12. Ne3 Bxe3 13. Qxe3 0-0 14. 0-0-0 c5 15. g3 Qd6 16. Rhf1 a5 17. f4 a4 18. Rf2 Nd4 19. fxe5 Qxe5 20. c3 a3 21. Ba1 Ne6 22. Rf5 Qd6 23. h4 Rae8 24. c4 c6 25. Kb1 b5 26. cxb5 cxb5 27. Rd5 Qc6 28. Rc1 Rd8 29. Rxd8 Rxd8 30. b4 c4 31. dxc4 bxc4 32. Qe2 Rc8 33. Bc3 Nc7 34. Bd4 Nb5 35. Bc5 c3 36. Rd1 h6 37. Qc4+ Kh8 38. Rd5 Qe8 39. Kc2 Nc7 40. Rd3 Nb5 41. Kc1 1/2-1/2

[Event "SC-2013-0-00193"]
[Site "LSS email"]
[Date "2013.08.24"]
[Round "?"]
[White "Wisham, Clyde"]
[Black "Moreira, Carlos Alberto Lima"]
[Result "1/2-1/2"]
[WhiteElo "1749"]
[BlackElo "1708"]
[PlyCount "83"]
[EventDate "2013.06.29"]
[EventType "tourn (corr)"]
[EventRounds "6"]
[EventCountry "GER"]
[SourceTitle "Telechess CBM 167"]
[Source "ChessBase"]
[SourceDate "2015.07.13"]
[SourceVersion "1"]
[SourceVersionDate "2015.07.13"]
[SourceQuality "1"]

1. d4 d5 2. c4 c6 3. Nf3 Nf6 4. e3 g6 5. Nc3 Bg7 6. Qb3 0-0 7. Bd2 e6 8. Bd3 Nbd7 9. 0-0 Re8 10. Rfd1 b6 11. Ne2 c5 12. cxd5 exd5 13. dxc5 Nxc5 14. Qa3 Nxd3 15. Qxd3 a5 16. Bc3 Ba6 17. Qc2 Rc8 18. Ng3 Qe7 19. Qb3 Qd6 20. Bd4 b5 21. a3 h6 22. Qa2 Rc2 23. Qb1 Rc4 24. b3 Rc7 25. Qb2 Qe7 26. Be5 Rc6 27. Ne2 a4 28. Ned4 Rcc8 29. Rac1 axb3 30. Nc6 Qb7 31. Nb4 Rxe5 32. Rxc8+ Qxc8 33. Qxe5 Ne4 34. Qxd5 Nc3 35. Qxb3 Nxd1 36. Qxd1 Bb7 37. Nc2 Qc3 38. Qd2 Qb2 39. Nfe1 Bc3 40. Qd3 Kh7 41. h3 Bc8 42. Qd1 1/2-1/2

[Event "WC-2013-F-00009"]
[Site "LSS email"]
[Date "2013.07.24"]
[Round "?"]
[White "Bokros, Janos"]
[Black "Moreira, Carlos Alberto Lima"]
[Result "1-0"]
[WhiteElo "1543"]
[BlackElo "1668"]
[PlyCount "103"]
[EventDate "2013.08.01"]
[EventType "tourn (corr)"]
[EventRounds "12"]
[EventCountry "GER"]
[SourceTitle "Corr 2015"]
[Source "ChessBase"]
[SourceDate "2015.07.17"]
[SourceVersion "1"]
[SourceVersionDate "2015.07.17"]
[SourceQuality "1"]

1. e4 c5 2. Nf3 Nc6 3. Bb5 e6 4. Nc3 Nd4 5. d3 Qa5 6. Bc4 b5 7. Bb3 Nxb3 8. cxb3 b4 9. Na4 Ba6 10. 0-0 Nf6 11. Be3 Be7 12. Re1 0-0 13. a3 Qb5 14. axb4 cxb4 15. Nc5 Bxc5 16. Bxc5 Qxc5 17. Rxa6 Rfc8 18. e5 Nd5 19. Qd2 h6 20. Re4 Qc2 21. Kf1 Qc1+ 22. Re1 Qc7 23. Re4 Qb7 24. Ra1 Rc7 25. Rg4 Kh8 26. Rh4 Rc6 27. Rxh6+ gxh6 28. Qxh6+ Kg8 29. Ng5 d6 30. Qh7+ Kf8 31. Nxe6+ Ke7 32. Ng5 Rf8 33. exd6+ Rxd6 34. Re1+ Kd7 35. Nxf7 Qb6 36. Nxd6+ Kxd6 37. Qh6+ Rf6 38. Qd2 Kc7 39. h4 Qd6 40. Qg5 a5 41. g3 Kb7 42. Re5 Nf4 43. d4 Nh3 44. Rb5+ Kc6 45. Qc5+ Qxc5 46. Rxc5+ Kd6 47. f3 Rxf3+ 48. Kg2 Rxb3 49. Kxh3 Rxb2 50. Rxa5 b3 51. Rb5 Rb1 52. Kg4 1-0

[Event "WC-2013-F-00009"]
[Site "LSS email"]
[Date "2013.07.24"]
[Round "?"]
[White "Moreira, Carlos Alberto Lima"]
[Black "Bokros, Janos"]
[Result "1-0"]
[WhiteElo "1668"]
[BlackElo "1543"]
[PlyCount "79"]
[EventDate "2013.08.01"]
[EventType "tourn (corr)"]
[EventRounds "12"]
[EventCountry "GER"]
[SourceTitle "Corr 2015"]
[Source "ChessBase"]
[SourceDate "2015.07.17"]
[SourceVersion "1"]
[SourceVersionDate "2015.07.17"]
[SourceQuality "1"]

1. d4 d5 2. c4 e6 3. Nf3 Bb4+ 4. Bd2 Bxd2+ 5. Nbxd2 Nf6 6. g3 0-0 7. Bg2 Nbd7 8. 0-0 c6 9. Qc2 b6 10. b4 Bb7 11. e4 dxe4 12. Nxe4 Rb8 13. Nd6 g6 14. Nxb7 Rxb7 15. Ne5 Nb8 16. Rfd1 Rc7 17. a4 Qe7 18. Qc3 Nfd7 19. c5 Nxe5 20. cxb6 Nf3+ 21. Bxf3 axb6 22. a5 b5 23. Qc5 Rd8 24. Qxe7 Rxe7 25. Rac1 Rd6 26. d5 exd5 27. Bxd5 Red7 28. Re1 Kf8 29. Bg2 Rd4 30. Rb1 Rc4 31. Bf1 Rc2 32. Rec1 Rxc1 33. Rxc1 Ke7 34. Bh3 f5 35. Bg2 Kd6 36. h4 Kc7 37. h5 Rd6 38. Re1 Na6 39. Re7+ Rd7 40. Re6 1-0

[Event "WC-2013-F-00009"]
[Site "LSS email"]
[Date "2013.07.24"]
[Round "?"]
[White "Moreira, Carlos Alberto Lima"]
[Black "Perez, Giorgio"]
[Result "1-0"]
[WhiteElo "1668"]
[BlackElo "1343"]
[PlyCount "69"]
[EventDate "2013.08.01"]
[EventType "tourn (corr)"]
[EventRounds "12"]
[EventCountry "GER"]
[SourceTitle "Corr 2015"]
[Source "ChessBase"]
[SourceDate "2015.07.17"]
[SourceVersion "1"]
[SourceVersionDate "2015.07.17"]
[SourceQuality "1"]

1. d4 Nf6 2. c4 g6 3. Nc3 c5 4. d5 e6 5. e4 exd5 6. cxd5 d6 7. f4 Bg7 8. Bb5+ Bd7 9. e5 dxe5 10. fxe5 Nh5 11. Nf3 0-0 12. Bxd7 Qxd7 13. Kf2 Na6 14. Qa4 Qf5 15. g4 Qc8 16. gxh5 Nb4 17. h6 Bh8 18. Rd1 a6 19. a3 b5 20. Qb3 Nd3+ 21. Rxd3 c4 22. Qd1 cxd3 23. Qxd3 Rb8 24. d6 Qe6 25. Bf4 f6 26. Nd5 Rb7 27. Nc7 Rxc7 28. dxc7 fxe5 29. Ng5 Qc4 30. Qxc4+ bxc4 31. Ne6 Rc8 32. Rd1 Kf7 33. Rd8 Rxc7 34. Nxc7 Bf6 35. Rd7+ 1-0

[Event "WC-2013-F-00009"]
[Site "LSS email"]
[Date "2013.07.24"]
[Round "?"]
[White "Soreghy, Janos"]
[Black "Moreira, Carlos Alberto Lima"]
[Result "1/2-1/2"]
[WhiteElo "1696"]
[BlackElo "1668"]
[PlyCount "63"]
[EventDate "2013.08.01"]
[EventType "tourn (corr)"]
[EventRounds "12"]
[EventCountry "GER"]
[SourceTitle "Corr 2015"]
[Source "ChessBase"]
[SourceDate "2015.07.17"]
[SourceVersion "1"]
[SourceVersionDate "2015.07.17"]
[SourceQuality "1"]

1. c4 e5 2. g3 Nf6 3. Nc3 Bb4 4. Nf3 Bxc3 5. bxc3 e4 6. Nd4 0-0 7. Bg2 Nc6 8. 0-0 Ne5 9. d3 exd3 10. exd3 h6 11. f4 Nc6 12. g4 Nxd4 13. cxd4 Nh7 14. Qd2 d5 15. h3 Re8 16. Ba3 dxc4 17. dxc4 f5 18. Rae1 fxg4 19. hxg4 Bxg4 20. Bxb7 Rb8 21. Bc6 Rxe1 22. Rxe1 Qh4 23. Qf2 Qf6 24. Be4 Bf5 25. Bd5+ Kh8 26. Bc5 Qa6 27. Qb2 Rxb2 28. Re8+ Nf8 29. Rxf8+ Kh7 30. Bg8+ Kg6 31. Bf7+ Kh7 32. Bg8+ 1/2-1/2

[Event "BI-2013-P-00022"]
[Site "LSS email"]
[Date "2013.04.22"]
[Round "?"]
[White "Frendzas, Panayotis"]
[Black "Moreira, Carlos Alberto Lima"]
[Result "1-0"]
[WhiteElo "2397"]
[BlackElo "1675"]
[PlyCount "61"]
[EventDate "2013.04.25"]
[EventType "tourn (corr)"]
[EventRounds "12"]
[EventCountry "GER"]
[SourceTitle "Telechess CBM 163"]
[Source "ChessBase"]
[SourceDate "2014.11.11"]
[SourceVersion "2"]
[SourceVersionDate "2014.11.11"]
[SourceQuality "1"]

1. e4 e6 2. d4 d5 3. Nc3 Nf6 4. e5 Nfd7 5. f4 c5 6. Nf3 Nc6 7. Be3 a6 8. Qd2 b5 9. a3 Bb7 10. Bd3 Qb6 11. Qf2 cxd4 12. Nxd4 Bc5 13. Nce2 b4 14. axb4 Nxb4 15. Nc1 f6 16. c3 fxe5 17. fxe5 Nxe5 18. cxb4 Qxb4+ 19. Qd2 Qb6 20. 0-0 Bxd4 21. Bg6+ Nxg6 22. Bxd4 Qd6 23. Nd3 Qe7 24. Bc5 Qc7 25. Qg5 a5 26. Rae1 Bc8 27. h4 Rb8 28. Qxd5 Ne7 29. Qh5+ g6 30. Qg5 Rb5 31. Qf6 1-0